Spracovanie rastlinných materiálov bakalárska práca CD

Saved in:
Bibliographic Details
Main Author: Straková, Mária, 1894-1980
Format: Software Book
Language:Slovak
Published: Bratislava STU FCHPT 2013
Online Access:View in OPAC
Tags: Add Tag
No Tags, Be the first to tag this record!

MARC

LEADER 00000nam a2200000 a 4500
005 20260127133922.0
007 co ugu
008 131205 2013 000 0 slo d
035 |a vtls010563085 
039 9 |a 201606221407  |b AUTHORITY  |y 201312051312  |z mschk03 
040 |a STUSCHK1  |b slo  |c STUSCHK1  |e AACR2 
100 1 |a Straková, Mária,  |d 1894-1980  |9 3 
245 1 |a Spracovanie rastlinných materiálov  |b bakalárska práca CD  |c Mária Straková 
260 |a Bratislava  |b STU FCHPT  |c 2013 
300 |a 1 optický disk 
500 |a Obhájené: júl 2013 
500 |a Štud. program: Chémia, medicínska chémia a chemické materiály 
500 |a Štud. odbor: Chémia, chemické technológie 
500 |a Škol. pracovisko: Odd. chemickej technológie dreva, celulózy a papiera 
500 |a Evid. číslo: FCHPT-13569-43398 
910 |a SCHK95 
999 |c 69  |d 69